000 003610000a22001570004500
005 20120302062845.0
942 _cBOOK
100 _a GHATE, VITTHAL
245 _a KAHI MHATARE VA EK MHATARI
250 _a 3 RD
260 _aMUMBAI: MAUJ PRAKASHAN ,1988
300 _a89 P.
040 _aMAR
365 _bRS.40/-
650 _aSANKIRNA / VYAKTICHITRE
999 _c357868
_d357865